| 000 | 00633nam a22002057a 4500 | ||
|---|---|---|---|
| 003 | 0 | ||
| 005 | 20251111094644.0 | ||
| 008 | 251111b xxu||||| |||| 00| 0 eng d | ||
| 020 | _a0-7515-3489-7 | ||
| 050 |
_aPR 6052.I4545 _b.B55 2005 |
||
| 100 |
_aBillingham, Mark, _eauthor. |
||
| 245 |
_aThe Burning girl / _cMark Billingham. |
||
| 260 |
_aLondon : _bTime Warner Books, _c2005. |
||
| 300 |
_a436 pages ; _c18 cm. |
||
| 650 | _aDetective and mystery fiction. | ||
| 650 |
_aThorne, Tom (Fictitious character) _xFiction. |
||
| 650 |
_aPolice _zEngland _zLondon _xFiction. |
||
| 650 |
_aSerial murderers _xFiction. |
||
| 942 |
_2lcc _cBK |
||
| 999 |
_c368560 _d368560 |
||